Efectos del trabajo infantil en la escolaridad: estudio plurinacional /

¿Cuántas horas puede trabajar un niño de 12 a 14 años sin que ello perjudique a sus estudios? ¿Puede fijarse un límite? Con el fin de contestar a estas preguntas, los autores estudian los datos de trabajo infantil recopilados en siete países y calculan los efectos variables como el número medio de h...

תיאור מלא

שמור ב:
מידע ביבליוגרפי
מחבר ראשי: Ranjan, Ray
מחברים אחרים: Lancaster, Geoffrey
פורמט: Texto
נושאים:
תגים: הוספת תג
אין תגיות, היה/י הראשונ/ה לתייג את הרשומה!

MARC

LEADER 00000 a a2200000 04500
001 16421
003
040
100 |a Ranjan, Ray  
245 |a Efectos del trabajo infantil en la escolaridad:   |b estudio plurinacional /  |c Ray Ranjan 
520 |a ¿Cuántas horas puede trabajar un niño de 12 a 14 años sin que ello perjudique a sus estudios? ¿Puede fijarse un límite? Con el fin de contestar a estas preguntas, los autores estudian los datos de trabajo infantil recopilados en siete países y calculan los efectos variables como el número medio de horas que dedica el niño a estudiar en el hogar. En aras del rigor, procuran evitar el riesgo de endogeneidad al usar el trabajo infantil como variable explicativa. Sus estimaciones demuestran fehacientemente que una sola hora de trabajo semanal es nociva para la instrucción del niño  
650 |a NIÑEZ  
650 |a TRABAJO DE MENORES  
650 |a EMPLEO  
650 |a EDUCACION  
700 |a Lancaster, Geoffrey  
773 |g volumen 124, número 2; páginas 208-232  
999 |c 28174  |d 28174